000 01242cam a22002771i 4500
003 SA-RiAUC
005 20250126081754.0
008 250125m19681986le g 000 0 ara c
040 _aSA-JeALM
_bara
_cSA-RiAUC
_erda
082 0 4 _a189.1
_qSA-RiAUC
090 _a189.1
_bف ا ر
100 1 _aالفارابي، محمد بن محمد بن طرخان،
_d260-339 هجري
_eمؤلف.
245 1 0 _aكتاب الملة ونصوص أخرى =
_bBook of religion and related texts /
_cأبو نصر محمد بن محمد بن طرخان الفارابي ؛ حققها وقدم لها وعلق عليها محسن مهدي.
246 3 0 _aالملة ونصوص أخرى
246 3 1 _aBook of religion and related texts
264 1 _aبيروت :
_bدار المشرق،
_c1986
300 _a11، 137 صفحة ؛
_c25 سم
336 _aنص
_btxt
_2rdacontent
_3كتاب
337 _aبدون وسيط
_bn
_2rdamedia
338 _aمجلد
_bnc
_2rdacarrier
500 _aيشتمل على غلاف وصفحة عنوان ومقدمة بالإنجليزية.
650 7 _aالفلسفة الإسلامية
_2aucsh
700 1 _aمهدي، محسن،
_d1924-2007
_eمحقق.
942 _2ddc
_cBOOK
_n0
949 _aSA-JeALM
_d250125
_uosman123
_n1
999 _c5263
_d5263